Plus grosses villes d'espagne - Statistiques

Statistiques générales
  • Ce quiz a été pris 95 fois
  • Le résultat moyen est 4 sur 5
Statistiques - réponses
Villes % Correct
2 Barcelone
100%
1 Madrid
100%
4 Séville
92%
3 Valence
83%
5 Bilbao
65%
Aucun quiz correspondant
Distribution des résultats
% des personnes avec chaque résultat
Percentile par nombre de réponses
Votre historique - résultats
Vous n’avez pas pris ce quiz